Jeux vidéo en image - E - Statistiques

Statistiques générales
  • Ce quiz a été pris 91 fois
  • Le résultat moyen est 4 sur 20
Statistiques - réponses
Par images Réponse % Correct
Elden Ring
93%
Euro Truck Simulator 2
79%
Evolve Stage 2
28%
Ecco the Dolphin
25%
Earthbound
20%
Europa Universalis 4
19%
ECHO
13%
Enter the Gungeon
12%
Enshrouded
9%
Evil West
9%
Escape from Tarkov
8%
Escape Simulator
8%
Evil Genius 2: World Domination
8%
Eco
7%
Empire of Sin
4%
En Garde!
4%
Endling Extinction is Forever
3%
EXOPRIMAL
3%
Everything
0%
Exo One
0%
Aucun quiz correspondant
Distribution des résultats
% des personnes avec chaque résultat
Percentile par nombre de réponses
Votre historique - résultats
Vous n’avez pas pris ce quiz